00479nam a2200145 i 450000100060000000300090000600500170001500700030003200800410003510000210007624500960009726000880019330000310028185200210031220608ES-MaACL20230906152331.0t|021114s1930 fr ||||1| fre d1 aAigrain, René.10aLiturgia b: encyclopédie populaire... / cpubliée sous la direction de René Aigrain. aParis : bBloud and Gay, c1930 (eSaint-Dizier (Haute-Marne) :fAndré Brulliard) aX, 1141 : bil. ; c20 cm. aES-MaACLjA-4191